A textbook of english phonetics for Indian students / (Record no. 302)

MARC details
000 -LEADER
fixed length control field 00483nam a2200169 4500
001 - CONTROL NUMBER
control field 344
005 - DATE AND TIME OF LATEST TRANSACTION
control field 20181127161334.0
020 00 - INTERNATIONAL STANDARD BOOK NUMBER
International Standard Book Number 0333910168
090 00 - LOCALLY ASSIGNED LC-TYPE CALL NUMBER (OCLC); LOCAL CALL NUMBER (RLIN)
Classification number (OCLC) (R) ; Classification number, CALL (RLIN) (NR) 414.8 B1718t 2008
100 00 - MAIN ENTRY--PERSONAL NAME
Personal name Balasubramanian, T.
245 00 - TITLE STATEMENT
Title A textbook of english phonetics for Indian students /
Remainder of title
Statement of responsibility, etc. T. Balasubramanian.
Medium
260 00 - PUBLICATION, DISTRIBUTION, ETC.
Place of publication, distribution, etc. Delhi :
Name of publisher, distributor, etc. Macmillan,
Date of publication, distribution, etc. 2008.
300 00 - PHYSICAL DESCRIPTION
Extent 207 p.
650 00 - SUBJECT ADDED ENTRY--TOPICAL TERM
Topical term or geographic name entry element English language --Phonetics.
General subdivision
Topical term or geographic name entry element English language --Phonology.
General subdivision
Topical term or geographic name entry element Phonetics.
General subdivision
Holdings
Withdrawn status Lost status Source of classification or shelving scheme Damaged status Not for loan Collection code Home library Current library Shelving location Date acquired Cost, normal purchase price Serial Enumeration / chronology Inventory number Full call number Barcode Date last seen Copy number Price effective from Koha item type
    Dewey Decimal Classification     Reference RTC Library RTC Library Reference 01/03/2022 400.00 119 414.8 BAL 30003109 27/11/2018 1 27/11/2018 Reference
    Dewey Decimal Classification     Main TEST RTC Library RTC Library Main opac 01/03/2022 400.00 120 414.8 BAL 30002858 27/11/2018 5 27/11/2018 Main
    Dewey Decimal Classification     Main TEST RTC Library RTC Library Main opac 01/03/2022 400.00 118 414.8 BAL 30002887 27/11/2018 3 27/11/2018 Main
    Dewey Decimal Classification     Main TEST RTC Library RTC Library Main opac 01/03/2022 400.00 122 414.8 BAL 30002869 27/11/2018 4 27/11/2018 Main
    Dewey Decimal Classification     Main TEST RTC Library RTC Library Main opac 01/03/2022 400.00 123 414.8 BAL 30002929 27/11/2018 6 27/11/2018 Main
    Dewey Decimal Classification     Main TEST RTC Library RTC Library Main opac 01/03/2022 400.00 121 414.8 BAL 30002894 27/11/2018 2 27/11/2018 Main
    Dewey Decimal Classification     Main TEST RTC Library RTC Library Main opac 01/03/2022 400.00 6610 414.8 BAL 30006307 27/11/2018 7 27/11/2018 Main
Royal Thimphu College || All Right Reserved